Analysis of Portfolio Structure in Households: Exploring the Determinants of Investor Risk Preferences Using Slovak HFCS Data diplomová práca

Gespeichert in:
Bibliographische Detailangaben
1. Verfasser: Paini, Clara
Körperschaft: Národohospodárska fakulta EU. Katedra financií
Weitere Verfasser: Péliová, Jana, 1976-
Format: Buch
Sprache:Englisch
Veröffentlicht: Bratislava 2024
Tags: Tag hinzufügen
Keine Tags, Fügen Sie das erste Tag hinzu!

MARC

LEADER 00000nbm a2200000 4500
001 0303188
005 20241031133821.0
041 0 |a eng 
044 |a SK 
245 1 0 |a Analysis of Portfolio Structure in Households: Exploring the Determinants of Investor Risk Preferences Using Slovak HFCS Data  |b diplomová práca  |c Clara Paini ; školiteľ: Jana Péliová 
264 1 |a Bratislava  |c 2024 
300 |a 71 s. 
100 1 |a Paini, Clara 
700 1 |a Péliová, Jana, 1976- 
710 2 |a Národohospodárska fakulta EU. Katedra financií